000
00302nas a2200121Ia 4500
008
150201s2012 xx 000 0 und d
245
_a
Indian Journal of Frensic Medicine & Toxicology
260
_c
2012
310
_a
Half Yearly
500
_a
NATIONAL
650
_a
Forensic Medicine
942
_2
ddc
_c
LJ
999
_c
6213
_d
6213